[Event "Kent Oliver mem"]
[Site "Winnipeg CAN"]
[Date "2002.01.12"]
[Round "3.8"]
[White "Klokow, John"]
[Black "Trueman, Francis"]
[Result "1-0"]
[WhiteElo "1738"]
[BlackElo "1438"]
[PlyCount "41"]
[EventDate "2002.01.11"]
[EventType "swiss"]
[EventRounds "5"]
[EventCountry "CAN"]

1. e4 d6 2. d4 Nd7 3. Nc3 g6 4. h4 Bg7 5. h5 e5 6. h6 Bf6 7. d5 c6 8. dxc6 bxc6
9. Qxd6 Ne7 10. Nf3 Bb7 11. b3 Rc8 12. Bb2 Qb6 13. Na4 Qc7 14. O-O-O Qxd6 15.
Rxd6 g5 16. g4 c5 17. Nc3 Ng6 18. Bb5 Rc7 19. Rhd1 Bc8 20. Rxf6 Ke7 21. Nd5+
1-0

[Event "Kent Oliver mem"]
[Site "Winnipeg CAN"]
[Date "2002.01.12"]
[Round "3.9"]
[White "Ott, Richard"]
[Black "Mu, Yuchen"]
[Result "0-1"]
[WhiteElo "1407"]
[BlackElo "1735"]
[PlyCount "40"]
[EventDate "2002.01.11"]
[EventType "swiss"]
[EventRounds "5"]
[EventCountry "CAN"]

1. d4 Nf6 2. c4 g6 3. Nc3 Bg7 4. e4 d6 5. f3 O-O 6. Be3 a6 7. Qd2 c6 8. Nge2 b5
9. Ng3 bxc4 10. Bxc4 Nbd7 11. Bb3 a5 12. h4 h5 13. Bh6 Nb6 14. Bxg7 Kxg7 15.
O-O-O a4 16. Bc2 Nc4 17. Qg5 Qb6 18. Nxa4 Rxa4 19. Bb3 Rxa2 20. Kc2 Rxb2+ 0-1

[Event "Kent Oliver mem"]
[Site "Winnipeg CAN"]
[Date "2002.01.12"]
[Round "3.12"]
[White "Bays, Derek"]
[Black "Curtis, Rory"]
[Result "0-1"]
[WhiteElo "1573"]
[BlackElo "1793"]
[PlyCount "56"]
[EventDate "2002.01.11"]
[EventType "swiss"]
[EventRounds "5"]
[EventCountry "CAN"]

1. c4 e5 2. Nc3 Nf6 3. Nf3 Nc6 4. d4 exd4 5. Nxd4 Bc5 6. e3 O-O 7. Be2 d6 8.
O-O Re8 9. Na4 Bxd4 10. exd4 Nxd4 11. Nc3 Nxe2+ 12. Nxe2 Bg4 13. Re1 Qd7 14.
Qc2 Bf5 15. Qb3 b6 16. Bg5 Ne4 17. Be3 Nc5 18. Qc3 Be4 19. Ng3 Bb7 20. Bh6 Qg4
21. h3 Qg6 22. Be3 Nd3 23. Re2 Nf4 24. Rd2 Nxg2 25. Kh2 Nh4 26. Qxg7+ Kxg7 27.
Nh5+ Qxh5 28. Rg1+ Kf8 0-1

[Event "Kent Oliver mem"]
[Site "Winnipeg CAN"]
[Date "2002.01.12"]
[Round "3.13"]
[White "Toews, Brian"]
[Black "Remillard, John"]
[Result "0-1"]
[WhiteElo "1218"]
[BlackElo "1599"]
[PlyCount "68"]
[EventDate "2002.01.11"]
[EventType "swiss"]
[EventRounds "5"]
[EventCountry "CAN"]

1. d4 d5 2. c4 dxc4 3. Nf3 b5 4. e3 a6 5. Be2 Bb7 6. O-O h5 7. Qc2 Nf6 8. Nbd2
h4 9. h3 Qd6 10. b3 cxb3 11. axb3 Nbd7 12. Ba3 Qb6 13. Rfc1 Rc8 14. Bc5 Nxc5
15. Qxc5 Qxc5 16. Rxc5 e6 17. Rc2 c5 18. Rac1 Nd7 19. Bd3 Kd8 20. Be4 Bxe4 21.
Nxe4 Rh5 22. Kf1 Be7 23. Ke2 Rd5 24. b4 c4 25. Nc5 Nxc5 26. bxc5 a5 27. Ne5 f6
28. Ng6 e5 29. Nxe7 Kxe7 30. Rd1 exd4 31. exd4 Kd7 32. Rc3 a4 33. Rd2 Re8+ 34.
Kd1 Re4 0-1

[Event "Kent Oliver mem"]
[Site "Winnipeg CAN"]
[Date "2002.01.13"]
[Round "4.1"]
[White "Gentes, Kevin"]
[Black "Kaptsan, Aron"]
[Result "1/2-1/2"]
[WhiteElo "2370"]
[BlackElo "2105"]
[PlyCount "45"]
[EventDate "2002.01.11"]
[EventType "swiss"]
[EventRounds "5"]
[EventCountry "CAN"]

1. Nf3 d5 2. g3 c6 3. b3 Bf5 4. Bb2 e6 5. c4 h6 6. Bg2 Nd7 7. O-O Ngf6 8. d3
Be7 9. Nbd2 O-O 10. a3 a5 11. Qc2 Qb6 12. Bc3 Rfd8 13. Qb2 Bf8 14. b4 a4 15. c5
Qa6 16. Rfe1 Bh7 17. Bf1 b6 18. cxb6 Qxb6 19. Bd4 c5 20. bxc5 Qxb2 21. Bxb2
Bxc5 22. Bd4 Bd6 23. e4 1/2-1/2

[Event "Kent Oliver mem"]
[Site "Winnipeg CAN"]
[Date "2002.01.13"]
[Round "4.2"]
[White "Tetrault, Claude"]
[Black "Nikouline, Alexandre"]
[Result "0-1"]
[WhiteElo "1495"]
[BlackElo "2104"]
[PlyCount "85"]
[EventDate "2002.01.11"]
[EventType "swiss"]
[EventRounds "5"]
[EventCountry "CAN"]

1. d4 Nf6 2. c4 e6 3. Nc3 Bb4 4. Nf3 c5 5. Qc2 cxd4 6. Nxd4 O-O 7. e3 b6 8. Be2
Bb7 9. Bf3 Bxf3 10. Nxf3 Qc7 11. b3 d5 12. O-O Bxc3 13. Qxc3 b5 14. Qe5 Qb6 15.
Qd4 bxc4 16. bxc4 Nc6 17. Qxb6 axb6 18. cxd5 Nxd5 19. Bd2 Ra6 20. Nd4 Nxd4 21.
exd4 Ra4 22. a3 Rfa8 23. Ra2 Rxa3 24. Rxa3 Rxa3 25. Rc1 Ra8 26. g3 Kf8 27. Kf1
Ke7 28. Ke2 Kd7 29. Kd3 b5 30. Rc5 Ra3+ 31. Kc2 b4 32. Rb5 Rf3 33. Be3 Nxe3+
34. fxe3 Rxe3 35. d5 exd5 36. Rxd5+ Kc6 37. Rf5 f6 38. Rf4 Kb5 39. Rd4 Re2+ 40.
Kb3 Rxh2 41. Rxb4+ Kc5 42. Kc3 Rg2 43. g4 0-1

[Event "Kent Oliver mem"]
[Site "Winnipeg CAN"]
[Date "2002.01.13"]
[Round "4.3"]
[White "Katona, John"]
[Black "Wasney, Mark"]
[Result "1/2-1/2"]
[WhiteElo "1740"]
[BlackElo "1611"]
[PlyCount "70"]
[EventDate "2002.01.11"]
[EventType "swiss"]
[EventRounds "5"]
[EventCountry "CAN"]

1. e4 c5 2. c3 d5 3. exd5 Qxd5 4. d4 Nc6 5. Nf3 Nf6 6. c4 Qd6 7. d5 Nb4 8. a3
Na6 9. Nc3 Nc7 10. g3 e6 11. Bf4 Qd8 12. Qe2 Bd6 13. Bxd6 Qxd6 14. O-O-O O-O
15. Ne4 Nxe4 16. Qxe4 exd5 17. cxd5 Re8 18. Qh4 Bf5 19. Bd3 Bxd3 20. Rxd3 Re2
21. Rhd1 Rae8 22. R1d2 h6 23. Qg4 R8e4 24. Qc8+ Kh7 25. Qxb7 c4 26. Rxe2 Rxe2
27. Rd2 Rxd2 28. Nxd2 Nxd5 29. Qxf7 Qc5 30. Ne4 Qd4 31. Qf5+ Kg8 32. Nd6 c3 33.
Qf7+ Kh7 34. Qf5+ Kg8 35. Qf7+ Kh7 1/2-1/2

[Event "Kent Oliver mem"]
[Site "Winnipeg CAN"]
[Date "2002.01.13"]
[Round "4.4"]
[White "Barkman, Daniel"]
[Black "Khedkar, Jay"]
[Result "0-1"]
[WhiteElo "1632"]
[BlackElo "2064"]
[PlyCount "50"]
[EventDate "2002.01.11"]
[EventType "swiss"]
[EventRounds "5"]
[EventCountry "CAN"]

1. e4 c5 2. Nf3 d6 3. d4 cxd4 4. Nxd4 Nf6 5. Nc3 a6 6. Be2 e6 7. Be3 Nbd7 8.
Qd2 Qc7 9. O-O b5 10. Bf3 Ne5 11. Rfe1 Bb7 12. Bg5 Be7 13. a3 Rc8 14. Be2 O-O
15. f3 Rfd8 16. Kh1 d5 17. exd5 Nxd5 18. Bxe7 Nxe7 19. Qe3 Nc4 20. Bxc4 Qxc4
21. Rad1 Nd5 22. Nxd5 Rxd5 23. Rd3 Rcd8 24. Red1 g6 25. Rc3 Rxd4 0-1

[Event "Kent Oliver mem"]
[Site "Winnipeg CAN"]
[Date "2002.01.13"]
[Round "4.5"]
[White "Harding, Mike"]
[Black "Proulx, Roy"]
[Result "1-0"]
[WhiteElo "1845"]
[BlackElo "1709"]
[PlyCount "91"]
[EventDate "2002.01.11"]
[EventType "swiss"]
[EventRounds "5"]
[EventCountry "CAN"]

1. e4 e6 2. d4 d5 3. exd5 exd5 4. c4 Nf6 5. Nc3 Be6 6. Nf3 dxc4 7. Bxc4 Bxc4 8.
Qa4+ b5 9. Nxb5 Bxb5 10. Qxb5+ Nbd7 11. O-O Be7 12. Ne5 O-O 13. Nc6 Rb8 14. Qe2
Qe8 15. Qxe7 Qxe7 16. Nxe7+ Kh8 17. b3 Rfe8 18. Ba3 Rb6 19. Rfe1 Nf8 20. Nd5
Rxe1+ 21. Rxe1 Nxd5 22. Re8 h6 23. Bxf8 Kh7 24. Bc5 Ra6 25. a3 Nc3 26. g3 Nb1
27. Ra8 Nxa3 28. Rxa7 Rxa7 29. Bxa7 Kg6 30. f3 h5 31. Kf2 Kf5 32. Ke3 c6 33.
Kd3 Nb5 34. Bc5 Ke6 35. Kc4 Nc7 36. b4 Nd5 37. Bf8 g6 38. Kc5 Kd7 39. b5 Nc7
40. bxc6+ Kc8 41. d5 f5 42. Bh6 Ne8 43. d6 Nf6 44. Bg5 Ne8 45. d7+ Kc7 46.
d8=Q# 1-0

[Event "Kent Oliver mem"]
[Site "Winnipeg CAN"]
[Date "2002.01.13"]
[Round "4.6"]
[White "Mu, Yuchen"]
[Black "Haapamaki, Eric"]
[Result "0-1"]
[WhiteElo "1735"]
[BlackElo "1780"]
[PlyCount "54"]
[EventDate "2002.01.11"]
[EventType "swiss"]
[EventRounds "5"]
[EventCountry "CAN"]

1. e4 c5 2. f4 d5 3. exd5 Nf6 4. Bb5+ Bd7 5. Bxd7+ Qxd7 6. c4 e6 7. Qe2 Bd6 8.
dxe6 fxe6 9. d3 Nc6 10. Nf3 O-O 11. O-O Rae8 12. Ne5 Bxe5 13. fxe5 Nd4 14. Qd1
Ng4 15. Bf4 Ne2+ 16. Qxe2 Qd4+ 17. Kh1 Rxf4 18. Rxf4 Qxf4 19. g3 Qc1+ 20. Kg2
Rf8 21. Nd2 Qxa1 22. Qxg4 Qxb2 23. Qxe6+ Kh8 24. Qe7 Qxd2+ 25. Kh3 Qh6+ 26. Kg2
Qc6+ 27. Kg1 Qf3 0-1

[Event "Kent Oliver mem"]
[Site "Winnipeg CAN"]
[Date "2002.01.13"]
[Round "4.7"]
[White "Tetrault, Charles"]
[Black "Klokow, John"]
[Result "0-1"]
[WhiteElo "1592"]
[BlackElo "1738"]
[PlyCount "57"]
[EventDate "2002.01.11"]
[EventType "swiss"]
[EventRounds "5"]
[EventCountry "CAN"]

1. e4 e5 2. Nf3 Nc6 3. d4 exd4 4. Bc4 Nf6 5. e5 Ng4 6. O-O Bc5 7. c3 d3 8. Qxd3
Ngxe5 9. Nxe5 Nxe5 10. Re1 d6 11. Bf4 Qf6 12. Qe4 O-O 13. Bb3 Bf5 14. Bxe5 Qxe5
15. Qxe5 dxe5 16. Rxe5 Rae8 17. Bxf7+ Kxf7 18. Rxf5+ Kg6 19. g4 Re1+ 20. Kg2
Rxf5 21. gxf5+ Kxf5 22. b4 Bb6 23. c4 Bd4 24. Na3 Bxa1 25. Nc2 Rc1 26. Ne3+ Ke4
27. c5 Bd4 28. Nf1 Rc2 29. Ng3+ 0-1

[Event "Kent Oliver mem"]
[Site "Winnipeg CAN"]
[Date "2002.01.13"]
[Round "4.8"]
[White "Curtis, Rory"]
[Black "Charter, Bennet"]
[Result "1/2-1/2"]
[WhiteElo "1793"]
[BlackElo "1827"]
[PlyCount "52"]
[EventDate "2002.01.11"]
[EventType "swiss"]
[EventRounds "5"]
[EventCountry "CAN"]

1. d4 Nf6 2. c4 g6 3. Nc3 d5 4. Bf4 Bg7 5. e3 c5 6. dxc5 Qa5 7. Rc1 dxc4 8.
Bxc4 O-O 9. Nf3 Ne4 10. O-O Nxc3 11. bxc3 Qxc5 12. Bd3 Nc6 13. Ng5 h6 14. Ne4
Qa5 15. Qe2 Be6 16. Bb1 Ne5 17. Bxe5 Bxe5 18. f4 Bg7 19. Ng3 Rac8 20. c4 Rc5
21. f5 Bxf5 22. Bxf5 gxf5 23. Nh5 Rc6 24. Nxg7 Kxg7 25. Qb2+ f6 26. Qxb7 Qc5
1/2-1/2

[Event "Kent Oliver mem"]
[Site "Winnipeg CAN"]
[Date "2002.01.13"]
[Round "4.10"]
[White "Rutter, Blair"]
[Black "Ott, Richard"]
[Result "1-0"]
[WhiteElo "1506"]
[BlackElo "1407"]
[PlyCount "75"]
[EventDate "2002.01.11"]
[EventType "swiss"]
[EventRounds "5"]
[EventCountry "CAN"]

1. d4 d5 2. Nf3 c6 3. Bf4 Nf6 4. e3 e6 5. Nbd2 Be7 6. Bd3 Nbd7 7. c3 O-O 8. Qc2
Re8 9. h3 Nf8 10. g4 N6d7 11. h4 c5 12. h5 e5 13. dxe5 c4 14. Bf5 Nc5 15. Ke2
Bxf5 16. gxf5 Nd3 17. Rag1 Nxf4+ 18. exf4 Nd7 19. Kd1 f6 20. h6 Bf8 21. Rg2
fxe5 22. fxe5 Nxe5 23. hxg7 Nd3 24. gxf8=Q+ Kxf8 25. Rxh7 Qb6 26. Rh8+ Ke7 27.
Rg7+ Kf6 28. Rg6+ Kxf5 29. Rxb6 Rxh8 30. Nd4+ Kf4 31. Ne2+ Kg5 32. Nf3+ Kg4 33.
Ne5+ Kf5 34. Ng3+ Kxe5 35. Qe2+ Kf4 36. Rf6+ Kg5 37. Rf5+ Kh4 38. Rh5+ 1-0

[Event "Kent Oliver mem"]
[Site "Winnipeg CAN"]
[Date "2002.01.13"]
[Round "4.11"]
[White "Trueman, Francis"]
[Black "Verch, Graham"]
[Result "1-0"]
[WhiteElo "1438"]
[BlackElo "1232"]
[PlyCount "80"]
[EventDate "2002.01.11"]
[EventType "swiss"]
[EventRounds "5"]
[EventCountry "CAN"]

1. Nf3 Nf6 2. d3 d5 3. Nbd2 Bg4 4. g3 Nbd7 5. Bg2 e6 6. O-O Bd6 7. Re1 O-O 8.
e4 dxe4 9. dxe4 e5 10. Nf1 h6 11. h3 Bh5 12. N1h2 Qe7 13. g4 Bg6 14. Nh4 Bc5
15. Nf5 Bxf5 16. gxf5 Rad8 17. Be3 Kh8 18. Bxc5 Qxc5 19. Re3 Rg8 20. Qe2 c6 21.
Rd1 a5 22. Kh1 b5 23. Ng4 Qe7 24. Red3 Rge8 25. f3 Nh5 26. Qd2 Qh4 27. Rxd7
Rxd7 28. Qxd7 Rg8 29. Qd2 Nf4 30. Qf2 g5 31. Rd6 Kh7 32. Qxh4 gxh4 33. Nf6+ Kg7
34. Nxg8 Kxg8 35. Rxh6 Kg7 36. Rxc6 Ne2 37. Rb6 b4 38. Ra6 Ng3+ 39. Kg1 Ne2+
40. Kf2 Nf4 1-0

[Event "Kent Oliver mem"]
[Site "Winnipeg CAN"]
[Date "2002.01.13"]
[Round "5.1"]
[White "Nikouline, Alexandre"]
[Black "Gentes, Kevin"]
[Result "1-0"]
[WhiteElo "2104"]
[BlackElo "2370"]
[PlyCount "67"]
[EventDate "2002.01.11"]
[EventType "swiss"]
[EventRounds "5"]
[EventCountry "CAN"]

1. e4 c5 2. Nf3 e6 3. d4 cxd4 4. Nxd4 a6 5. Bd3 Nc6 6. Be3 Nf6 7. O-O d6 8. c3
Ne5 9. Be2 Be7 10. f4 Ned7 11. Nd2 Qc7 12. Qc2 h5 13. h3 b6 14. Bf3 Bb7 15. Bf2
h4 16. Rfe1 O-O-O 17. b4 g6 18. b5 e5 19. Nc6 Bxc6 20. bxc6 Qxc6 21. Rab1 Rdf8
22. Qb2 Bd8 23. Be2 Nc5 24. fxe5 dxe5 25. Nc4 Nfd7 26. Red1 Bc7 27. Ne3 Qxe4
28. Bf3 Qa4 29. Nd5 b5 30. Nxc7 Kxc7 31. Qd2 Qc4 32. Qd6+ Kc8 33. Qc6+ Kb8 34.
Rxd7 1-0

[Event "Kent Oliver mem"]
[Site "Winnipeg CAN"]
[Date "2002.01.13"]
[Round "5.2"]
[White "Kaptsan, Aron"]
[Black "Harding, Mike"]
[Result "1-0"]
[WhiteElo "2105"]
[BlackElo "1845"]
[PlyCount "95"]
[EventDate "2002.01.11"]
[EventType "swiss"]
[EventRounds "5"]
[EventCountry "CAN"]

1. d4 Nf6 2. c4 c5 3. d5 e6 4. Nc3 exd5 5. cxd5 d6 6. Nf3 g6 7. Nd2 Bg7 8. Nc4
O-O 9. Bf4 Ne8 10. e3 Bxc3+ 11. bxc3 b5 12. Nd2 Qa5 13. c4 Na6 14. Be2 Bf5 15.
O-O b4 16. Qb3 Qa3 17. Qxa3 bxa3 18. e4 Bd7 19. Nb1 Rb8 20. Nxa3 Rb2 21. Bf3
Nb4 22. Rfb1 Rxb1+ 23. Rxb1 f5 24. e5 dxe5 25. Bxe5 Nd3 26. Bc3 Nd6 27. Be2 Nf4
28. Bf1 Re8 29. Re1 Rxe1 30. Bxe1 Kf7 31. g3 Nh5 32. f3 Nf6 33. Bf2 Nb7 34. Bd3
Ke7 35. Kf1 Kd6 36. Ke2 Ba4 37. Nb1 Be8 38. Be1 Nd7 39. f4 Nd8 40. Bc3 Nf7 41.
Nd2 Nh6 42. Nf3 Nf7 43. Bg7 h6 44. Nh4 Nd8 45. Bxh6 Nf6 46. Bg5 Ke7 47. h3 Kf7
48. g4 1-0

[Event "Kent Oliver mem"]
[Site "Winnipeg CAN"]
[Date "2002.01.13"]
[Round "5.3"]
[White "Khedkar, Jay"]
[Black "Klokow, John"]
[Result "0-1"]
[WhiteElo "2064"]
[BlackElo "1738"]
[PlyCount "83"]
[EventDate "2002.01.11"]
[EventType "swiss"]
[EventRounds "5"]
[EventCountry "CAN"]

1. e4 e5 2. f4 exf4 3. Nf3 Be7 4. Bc4 Bh4+ 5. Kf1 d5 6. Bxd5 Nf6 7. Nc3 Nxd5 8.
Nxd5 O-O 9. d3 f5 10. Nxh4 Qxh4 11. e5 f3 12. Qxf3 f4 13. Qf2 Qd8 14. Nc3 Nc6
15. Qc5 Be6 16. h4 Nd4 17. Ne4 b6 18. Qc3 Rc8 19. b4 Qd7 20. Bb2 Nf5 21. Kf2 h6
22. h5 Rf7 23. Qd2 Qd5 24. Bc3 Rcf8 25. Rae1 Ne3 26. Kg1 Bf5 27. Ng3 Qxa2 28.
Nxf5 Rxf5 29. Rh4 Qxc2 30. Rxe3 Qxd2 31. Bxd2 fxe3 32. Bxe3 Rxe5 33. Bf4 Rd5
34. Bxc7 Rxd3 35. Rg4 Rd5 36. Rh4 b5 37. Bg3 Rff5 38. Re4 Rd1+ 39. Kh2 Rd3 40.
Re8+ Kf7 41. Ra8 Rxh5+ 42. Kg1 0-1

[Event "Kent Oliver mem"]
[Site "Winnipeg CAN"]
[Date "2002.01.13"]
[Round "5.4"]
[White "Haapamaki, Eric"]
[Black "Wasney, Mark"]
[Result "1-0"]
[WhiteElo "1780"]
[BlackElo "1611"]
[PlyCount "65"]
[EventDate "2002.01.11"]
[EventType "swiss"]
[EventRounds "5"]
[EventCountry "CAN"]

1. e4 c5 2. Nf3 e6 3. d4 Qc7 4. Be2 cxd4 5. Nxd4 Nf6 6. Nc3 Bb4 7. O-O a6 8.
Bf3 Bxc3 9. bxc3 O-O 10. Ba3 Rd8 11. Be7 Re8 12. Bxf6 gxf6 13. Qd2 Qe5 14. h4
d6 15. Rae1 Nd7 16. Nf5 exf5 17. exf5 Qxe1 18. Rxe1 Rxe1+ 19. Qxe1 Ne5 20. Be4
a5 21. Qd2 Ra6 22. Qh6 Ng4 23. Qh5 Ne5 24. f4 Bd7 25. fxe5 dxe5 26. Bd5 Be8 27.
Qg4+ Kf8 28. Bxb7 Rb6 29. Bd5 Rb2 30. Qc4 Rxc2 31. Qc5+ Kg8 32. Qe7 Rc1+ 33.
Kh2 1-0

[Event "Kent Oliver mem"]
[Site "Winnipeg CAN"]
[Date "2002.01.13"]
[Round "5.5"]
[White "Tetrault, Claude"]
[Black "Katona, John"]
[Result "0-1"]
[WhiteElo "1495"]
[BlackElo "1740"]
[PlyCount "104"]
[EventDate "2002.01.11"]
[EventType "swiss"]
[EventRounds "5"]
[EventCountry "CAN"]

1. d4 Nf6 2. c4 g6 3. Nc3 Bg7 4. Nf3 O-O 5. Qc2 d6 6. Bg5 Nc6 7. e4 e5 8. Rd1
exd4 9. Nxd4 Nxd4 10. Rxd4 h6 11. Bh4 g5 12. Bg3 Re8 13. Rd1 Nxe4 14. Nxe4 f5
15. Be2 Rxe4 16. f3 Re8 17. O-O Qf6 18. b3 Qb2 19. Bd3 Qxc2 20. Bxc2 Bd7 21. c5
Bb5 22. Rfe1 f4 23. Bf2 dxc5 24. Bxc5 Rxe1+ 25. Rxe1 Re8 26. Rxe8+ Bxe8 27.
Bxa7 b6 28. Bb8 Be5 29. a4 Kf7 30. b4 Ke7 31. a5 bxa5 32. bxa5 Bb5 33. Kf2 Bd4+
34. Ke1 Bc3+ 35. Kd1 Bxa5 36. Ba7 Bb6 37. Bxb6 cxb6 38. Kd2 Kd6 39. Kc3 Kc5 40.
g3 Bc4 41. gxf4 gxf4 42. Bd3 Bxd3 43. Kxd3 Kd5 44. Kc3 b5 45. h4 b4+ 46. Kxb4
Kd4 47. h5 Ke3 48. Kc4 Kxf3 49. Kd3 Kg2 50. Ke4 f3 51. Kf5 f2 52. Kg6 f1=Q 0-1

[Event "Kent Oliver mem"]
[Site "Winnipeg CAN"]
[Date "2002.01.13"]
[Round "5.6"]
[White "Tetrault, Charles"]
[Black "Curtis, Rory"]
[Result "1/2-1/2"]
[WhiteElo "1592"]
[BlackElo "1793"]
[PlyCount "54"]
[EventDate "2002.01.11"]
[EventType "swiss"]
[EventRounds "5"]
[EventCountry "CAN"]

1. e4 c5 2. Nf3 d6 3. d4 cxd4 4. Nxd4 Nf6 5. Nc3 a6 6. Be3 e5 7. Nb3 Be7 8. Be2
O-O 9. Nd5 Nxd5 10. exd5 Bf5 11. O-O Nd7 12. c4 b6 13. f4 f6 14. g4 Bg6 15. f5
Be8 16. Nd2 a5 17. Rf3 Nc5 18. Rh3 g5 19. Rh6 Kg7 20. Rh3 h6 21. Kg2 Bd7 22.
Bxc5 bxc5 23. Ne4 Rb8 24. b3 Rb7 25. a4 Rb4 26. Rf3 Qb6 27. Ra3 Rb8 1/2-1/2

[Event "Kent Oliver mem"]
[Site "Winnipeg CAN"]
[Date "2002.01.13"]
[Round "5.7"]
[White "Charter, Bennet"]
[Black "Barkman, Daniel"]
[Result "0-1"]
[WhiteElo "1827"]
[BlackElo "1632"]
[PlyCount "34"]
[EventDate "2002.01.11"]
[EventType "swiss"]
[EventRounds "5"]
[EventCountry "CAN"]

1. e4 e6 2. d4 d5 3. e5 c5 4. c3 Nc6 5. Nf3 Qb6 6. a3 cxd4 7. cxd4 Bd7 8. Be2
Nge7 9. b4 Nf5 10. Be3 a6 11. O-O Be7 12. Nc3 f6 13. Rc1 fxe5 14. dxe5 Nxe3 15.
fxe3 Qxe3+ 16. Kh1 Nxe5 17. Re1 Ng4 0-1

[Event "Kent Oliver mem"]
[Site "Winnipeg CAN"]
[Date "2002.01.13"]
[Round "5.8"]
[White "Proulx, Roy"]
[Black "Rutter, Blair"]
[Result "0-1"]
[WhiteElo "1709"]
[BlackElo "1506"]
[PlyCount "53"]
[EventDate "2002.01.11"]
[EventType "swiss"]
[EventRounds "5"]
[EventCountry "CAN"]

1. d4 d5 2. Nf3 Nf6 3. e3 Bf5 4. Bd3 Bg4 5. Nbd2 e6 6. h3 Bh5 7. c3 c5 8. Qa4+
Nfd7 9. Ne5 c4 10. Bc2 a6 11. b4 b5 12. Qa3 Nxe5 13. dxe5 Nc6 14. f4 Qh4+ 15.
Kf1 Qg3 16. e4 Be7 17. h4 Bxh4 18. Rxh4 Qxh4 19. Nf3 Bxf3 20. gxf3 Qh3+ 21. Kg1
Qg3+ 22. Kh1 Qxf3+ 23. Kg1 h5 24. exd5 exd5 25. e6 Qg4+ 26. Kh1 fxe6 27. f5 0-1

[Event "Kent Oliver mem"]
[Site "Winnipeg CAN"]
[Date "2002.01.13"]
[Round "5.9"]
[White "Anderson, Collin"]
[Black "Mu, Yuchen"]
[Result "0-1"]
[WhiteElo "1477"]
[BlackElo "1735"]
[PlyCount "101"]
[EventDate "2002.01.11"]
[EventType "swiss"]
[EventRounds "5"]
[EventCountry "CAN"]

1. e4 c5 2. Nf3 d6 3. d4 cxd4 4. Nxd4 Nf6 5. Nc3 g6 6. Bc4 Bg7 7. Be3 Nc6 8.
Qd2 O-O 9. f3 Bd7 10. O-O-O Ne5 11. Be2 Rc8 12. h4 Nc4 13. Bxc4 Rxc4 14. g4 Qa5
15. Kb1 Rfc8 16. Nb3 Qa6 17. e5 Nxg4 18. fxg4 Bxe5 19. Bd4 Bxd4 20. Nxd4 Bxg4
21. Rdg1 h5 22. Rxg4 hxg4 23. h5 gxh5 24. Rxh5 d5 25. Rh6 R8c6 26. Nxc6 Rxc6
27. Rh1 Rg6 28. Nxd5 Qd6 29. Qc3 Rh6 30. Rd1 g3 31. Qf3 Rg6 32. Nf4 Qf6 33. Qh5
Rh6 34. Qg4+ Qg7 35. Rd8+ Kh7 36. Qf5+ Qg6 37. Qxg6+ fxg6 38. Rd1 g5 39. Ng2
Kg6 40. Kc1 Rh2 41. Rg1 Kf5 42. Kd2 Kg4 43. Ke3 Kh3 44. Ne1 e5 45. Rf1 g2 46.
Rf3+ Kh4 47. Kf2 g4 48. Re3 g3+ 49. Kg1 Kh3 50. Nxg2 Rxg2+ 51. Kf1 0-1

[Event "Kent Oliver mem"]
[Site "Winnipeg CAN"]
[Date "2002.01.13"]
[Round "5.10"]
[White "Bays, Derek"]
[Black "Trueman, Francis"]
[Result "0-1"]
[WhiteElo "1573"]
[BlackElo "1434"]
[PlyCount "104"]
[EventDate "2002.01.11"]
[EventType "swiss"]
[EventRounds "5"]
[EventCountry "CAN"]

1. f4 Nf6 2. d4 d5 3. Nc3 Bf5 4. e3 e6 5. Nf3 Nbd7 6. Bd3 Bxd3 7. Qxd3 Bb4 8.
Bd2 Ne4 9. Nxe4 dxe4 10. Qxe4 Bxd2+ 11. Nxd2 c6 12. O-O-O Nf6 13. Qd3 Qd5 14.
Kb1 Rd8 15. c4 Qa5 16. Nb3 Qc7 17. h4 h5 18. Rdg1 Ng4 19. Qe2 O-O 20. Nc5 b6
21. Ne4 f5 22. Nf2 c5 23. Nxg4 fxg4 24. Re1 Rc8 25. g3 cxd4 26. exd4 Qxc4 27.
Rhf1 a5 28. Qe5 g6 29. Qg5 Kh7 30. f5 gxf5 31. Rxf5 Qd3+ 32. Ka1 Qxf5 33. Qxf5+
Rxf5 34. d5 Rf3 35. Rg1 Rcf8 36. b3 Rd3 37. Kb2 Rd2+ 38. Ka3 Rff2 39. Ra1 Rg2
40. Ka4 Rxg3 41. a3 Rgd3 42. Rf1 g3 43. Rf7+ Kg8 44. Rf6 g2 45. Rg6+ Kf7 46.
Rg5 Kf6 47. Rg8 Ke7 48. Rg7+ Kf6 49. Rg8 Ke5 50. Rg6 Kf4 51. b4 axb4 52. axb4
Rg3 0-1

[Event "Kent Oliver mem"]
[Site "Winnipeg CAN"]
[Date "2002.01.13"]
[Round "5.11"]
[White "Pottinger, Carl"]
[Black "Gannon, Keith"]
[Result "1-0"]
[WhiteElo "1528"]
[BlackElo "1553"]
[PlyCount "209"]
[EventDate "2002.01.11"]
[EventType "swiss"]
[EventRounds "5"]
[EventCountry "CAN"]

1. e4 c5 2. Nf3 d6 3. d4 cxd4 4. Nxd4 Nf6 5. Nc3 e6 6. Be3 Be7 7. Qd2 Ng4 8.
Be2 Nxe3 9. Qxe3 a6 10. O-O O-O 11. f4 Qb6 12. Na4 Qc7 13. Bd3 b5 14. Nc3 Bb7
15. Rae1 Nc6 16. Nxc6 Qxc6 17. Qh3 h6 18. Rf3 Qc5+ 19. Kh1 f5 20. Rg3 Kh8 21.
exf5 Rf6 22. Qg4 Rg8 23. Rxe6 Rxe6 24. fxe6 g5 25. fxg5 Rxg5 26. Qh4 Kg7 27.
Rxg5+ Bxg5 28. Qh5 Qc7 29. Qg6+ Kh8 30. Qe8+ Kg7 31. Qg6+ Kh8 32. Qe8+ Kg7 33.
Ne4 Bxe4 34. Bxe4 b4 35. Bg6 Qe7 36. Qxe7+ Bxe7 37. Bf7 a5 38. b3 Kf6 39. Kg1
Bd8 40. Kf2 Bb6+ 41. Kf3 d5 42. g4 Bc5 43. h4 Bd6 44. Ke3 Bc5+ 45. Kd3 Kg7 46.
g5 hxg5 47. hxg5 Kf8 48. g6 Kg7 49. Ke2 Kf6 50. Kf3 Bd6 51. Ke3 Bc5+ 52. Kf4
Bd6+ 53. Kg4 Bf8 54. Kh5 Kg7 55. e7 Bxe7 56. Bxd5 Bf6 57. Bf7 Bc3 58. Kg5 Bf6+
59. Kf5 Bd4 60. Ke6 Bb6 61. Kd5 Bd8 62. Kc4 Bf6 63. Kd3 Kf8 64. Ke4 Bd8 65. Kf5
Kg7 66. Ke6 Bb6 67. Kd7 Kf8 68. Bc4 Kg7 69. Bd3 Kf6 70. Kc6 Bd8 71. Kb5 Kg7 72.
Ka4 Kf8 73. a3 bxa3 74. Kxa3 Bc7 75. Ka4 Kg7 76. b4 axb4 77. Kxb4 Kf6 78. Kc5
Be5 79. Kd5 Bc3 80. Kc4 Be5 81. Kb4 Ke7 82. c4 Kd6 83. c5+ Kc7 84. Kb5 Bg7 85.
c6 Bf8 86. Be4 Bg7 87. Kc4 Kd6 88. Kd3 Be5 89. Ke3 Ke7 90. Kf3 Kf6 91. Kg4 Bd6
92. Kh5 Kg7 93. Kg5 Bc7 94. Kf5 Kg8 95. Kf6 Bd8+ 96. Ke6 Bc7 97. Kd7 Bf4 98. c7
Bxc7 99. Kxc7 Kg7 100. Kd6 Kf6 101. Kd7 Kg7 102. Ke7 Kh8 103. Kf6 Kg8 104. Bd5+
Kh8 105. g7+ 1-0

[Event "Khalif"]
[Site "Charlesbourg CAN"]
[Date "2002.03.04"]
[Round "5"]
[White "Marquis, Paul"]
[Black "Caire, Francois"]
[Result "1-0"]
[WhiteElo "1918"]
[BlackElo "2119"]
[PlyCount "51"]
[EventDate "2002.02.04"]
[EventType "swiss"]
[EventRounds "3"]
[EventCountry "CAN"]

1. e4 c6 2. d4 d5 3. Nc3 dxe4 4. Nxe4 Nd7 5. Nf3 Ngf6 6. Ng3 e6 7. Bd3 c5 8.
Qe2 cxd4 9. Nxd4 Bc5 10. Nb3 O-O 11. Bg5 Be7 12. O-O-O Qc7 13. Nh5 h6 14. h4
Re8 15. Rh3 Nxh5 16. Qxh5 Bxg5+ 17. hxg5 Qf4+ 18. Kb1 Qxg5 19. Qxg5 hxg5 20.
Bb5 Re7 21. Nc5 Nf8 22. Rd8 Rc7 23. Bd3 g6 24. Ne4 Kg7 25. Nd6 e5 26. Ne8+ 1-0

[Event "Kingston"]
[Site "Kingston CAN"]
[Date "2002.??.??"]
[Round "?"]
[White "Dixon, Frank"]
[Black "Ho, David"]
[Result "1-0"]
[WhiteElo "1952"]
[BlackElo "1605"]
[PlyCount "51"]
[EventDate "2002.??.18"]
[EventCountry "CAN"]

1. e4 e5 2. Nf3 Nc6 3. Bb5 a6 4. Ba4 Nf6 5. O-O Be7 6. Re1 b5 7. Bb3 O-O 8. c3
d6 9. h3 Bb7 10. d4 Re8 11. Nbd2 h6 12. Nf1 Nh7 13. Ng3 Bg5 14. a4 Bxc1 15.
Rxc1 Na5 16. Bc2 Ng5 17. Nf5 c5 18. d5 Bc8 19. N3h4 Kh7 20. Qh5 Qf6 21. f4 exf4
22. e5 Rxe5 23. Nxh6+ Bf5 24. Bxf5+ g6 25. Ng4+ Kg7 26. Qh6+ 1-0